Normal view
MARC view
- ATWATER,H.A
Entry Personal Name
001 - CONTROL NUMBER
- control field: 79095
003 - CONTROL NUMBER IDENTIFIER
- control field: NUST
005 - DATE AND TIME OF LATEST TRANSACTION
- control field: 20210628210350.0
008 - FIXED-LENGTH DATA ELEMENTS
- fixed length control field: 210628|| aca||aabn | a|a d
040 ## - CATALOGING SOURCE
- Original cataloging agency: NUST
- Transcribing agency: NUST
100 ## - HEADING--PERSONAL NAME
- Personal name: ATWATER,H.A
670 ## - SOURCE DATA FOUND
- Source citation: Work cat.: (NUST): ATWATER,H.A, INTRODUCTION TO MICROWAVE THEORY, 1962
